[Event "European Youth Chess Championship B16"]
[Site "Prague, Top Hotel Prague"]
[Date "2012.08.25"]
[Round "9.1"]
[White "Drozdowski, Kacper"]
[Black "Grib, Roman"]
[Result "1-0"]
[WhiteElo "2350"]
[BlackElo "2309"]
[PlyCount "0"]
[EventDate "2012.08.17"]

1. e4 {[%clk 1:30:57]} c5 {[%clk 1:30:50]} 2. Nf3 {[%clk 1:31:23]} Nc6
{[%clk 1:31:15]} 3. d4 {[%clk 1:31:47]} cxd4 {[%clk 1:31:41]} 4. Nxd4
{[%clk 1:32:12]} g6 {[%clk 1:32:08]} 5. c4 {[%clk 1:32:32]} Nf6 {[%clk 1:32:10]}
6. Nc3 {[%clk 1:32:49]} Nxd4 {[%clk 1:32:31]} 7. Qxd4 {[%clk 1:33:15]} d6
{[%clk 1:32:57]} 8. Be2 {[%clk 1:33:12]} Bg7 {[%clk 1:33:14]} 9. Be3
{[%clk 1:33:32]} O-O {[%clk 1:33:10]} 10. Qd2 {[%clk 1:33:41]} Be6
{[%clk 1:33:35]} 11. Rc1 {[%clk 1:31:42]} Qa5 {[%clk 1:32:29]} 12. f3
{[%clk 1:31:30]} Rfc8 {[%clk 1:32:27]} 13. b3 {[%clk 1:31:47]} a6
{[%clk 1:32:46]} 14. Na4 {[%clk 1:30:27]} Qxd2+ {[%clk 1:33:10]} 15. Kxd2
{[%clk 1:30:47]} Nd7 {[%clk 1:33:37]} 16. g4 {[%clk 1:27:14]} f5 {[%clk 1:34:02]}
17. exf5 {[%clk 1:24:48]} gxf5 {[%clk 1:34:28]} 18. h3 {[%clk 1:25:11]} Rf8
{[%clk 1:29:35]} 19. f4 {[%clk 1:23:11]} Rab8 {[%clk 0:53:08]} 20. Nc3
{[%clk 1:10:43]} Nf6 {[%clk 0:42:39]} 21. Rhg1 {[%clk 1:03:19]} Bd7
{[%clk 0:30:50]} 22. Bf3 {[%clk 0:58:25]} Kh8 {[%clk 0:09:09]} 23. g5
{[%clk 0:57:18]} Ng8 {[%clk 0:09:34]} 24. h4 {[%clk 0:50:49]} e5 {[%clk 0:06:22]}
25. Bd5 {[%clk 0:49:05]} Ne7 {[%clk 0:03:16]} 26. h5 {[%clk 0:48:02]} h6
{[%clk 0:03:24]} 27. Rce1 {[%clk 0:40:34]} Nxd5 {[%clk 0:00:42]} 28. Nxd5
{[%clk 0:41:03]} e4 {[%clk 0:00:38]} 29. gxh6 {[%clk 0:40:46]} Bxh6
{[%clk 0:00:39]} 30. Rg6 {[%clk 0:40:50]} Bg7 {[%clk 0:00:39]} 31. Reg1
{[%clk 0:40:31]} Rf7 {[%clk 0:00:34]} 32. Rxg7 {[%clk 0:40:42]} Rxg7
{[%clk 0:01:00]} 33. Bd4 {[%clk 0:41:06]} 1-0

[Event "European Youth Chess Championship B16"]
[Site "Prague, Top Hotel Prague"]
[Date "2012.08.25"]
[Round "9.2"]
[White "Boruchovsky, Avital"]
[Black "Laurusas, Tomas"]
[Result "0-1"]
[WhiteElo "2415"]
[BlackElo "2402"]
[PlyCount "0"]
[EventDate "2012.08.17"]

1. e4 {[%clk 1:30:57]} c5 {[%clk 1:30:57]} 2. Nf3 {[%clk 1:31:23]} e6
{[%clk 1:31:22]} 3. g3 {[%clk 1:31:50]} a6 {[%clk 1:30:39]} 4. Bg2
{[%clk 1:31:00]} Nc6 {[%clk 1:29:18]} 5. O-O {[%clk 1:29:28]} Nf6
{[%clk 1:29:29]} 6. Qe2 {[%clk 1:25:28]} d6 {[%clk 1:28:38]} 7. Rd1
{[%clk 1:22:46]} Be7 {[%clk 1:27:35]} 8. c3 {[%clk 1:10:49]} O-O {[%clk 1:19:39]}
9. d4 {[%clk 1:06:41]} cxd4 {[%clk 1:17:59]} 10. cxd4 {[%clk 1:07:05]} d5
{[%clk 1:18:26]} 11. e5 {[%clk 1:07:06]} Ne4 {[%clk 1:18:31]} 12. Be3
{[%clk 1:01:29]} Bd7 {[%clk 1:13:52]} 13. Ne1 {[%clk 0:56:29]} f6
{[%clk 0:58:35]} 14. Bxe4 {[%clk 0:50:53]} dxe4 {[%clk 0:59:00]} 15. exf6
{[%clk 0:51:17]} Bxf6 {[%clk 0:57:33]} 16. Nc3 {[%clk 0:51:24]} Ne7
{[%clk 0:51:56]} 17. Nxe4 {[%clk 0:49:06]} Bc6 {[%clk 0:51:05]} 18. Bg5
{[%clk 0:39:50]} Bxe4 {[%clk 0:46:20]} 19. Bxf6 {[%clk 0:39:13]} Bd5
{[%clk 0:46:11]} 20. Bxe7 {[%clk 0:38:04]} Qxe7 {[%clk 0:45:34]} 21. Rd2
{[%clk 0:36:31]} Qf6 {[%clk 0:40:34]} 22. Qe3 {[%clk 0:36:19]} Qf5
{[%clk 0:39:44]} 23. Rc2 {[%clk 0:28:30]} Rac8 {[%clk 0:33:46]} 24. Rxc8
{[%clk 0:28:26]} Rxc8 {[%clk 0:34:11]} 25. b3 {[%clk 0:27:09]} h5
{[%clk 0:23:33]} 26. Qe5 {[%clk 0:17:43]} Qg4 {[%clk 0:23:45]} 27. f3
{[%clk 0:15:14]} Qg6 {[%clk 0:23:59]} 28. Qf4 {[%clk 0:15:05]} Rf8
{[%clk 0:21:35]} 29. Qe3 {[%clk 0:15:27]} h4 {[%clk 0:22:01]} 30. Kg2
{[%clk 0:15:18]} hxg3 {[%clk 0:14:40]} 31. hxg3 {[%clk 0:15:47]} Qh5
{[%clk 0:14:57]} 32. Rc1 {[%clk 0:15:22]} g5 {[%clk 0:15:22]} 33. Kg1
{[%clk 0:07:45]} g4 {[%clk 0:14:40]} 34. f4 {[%clk 0:07:33]} Qh1+
{[%clk 0:08:50]} 35. Kf2 {[%clk 0:08:02]} Rf5 {[%clk 0:06:53]} 36. Rc8+
{[%clk 0:05:06]} Kf7 {[%clk 0:06:58]} 37. Ke2 {[%clk 0:03:48]} Qh2+
{[%clk 0:06:36]} 38. Qf2 {[%clk 0:03:44]} Qxf2+ {[%clk 0:05:33]} 39. Kxf2
{[%clk 0:04:13]} Rh5 {[%clk 0:05:56]} 40. Nd3 {[%clk 0:31:24]} Rh2+
{[%clk 0:36:19]} 41. Ke3 {[%clk 0:22:20]} Rg2 {[%clk 0:35:36]} 42. Ne5+
{[%clk 0:22:32]} Ke7 {[%clk 0:36:01]} 43. f5 {[%clk 0:19:29]} exf5
{[%clk 0:34:54]} 44. Kf4 {[%clk 0:19:48]} Rf2+ {[%clk 0:34:22]} 45. Kg5
{[%clk 0:18:53]} Rxa2 {[%clk 0:27:06]} 46. Rc5 {[%clk 0:14:19]} Kd6
{[%clk 0:21:41]} 47. Kxf5 {[%clk 0:12:53]} Bxb3 {[%clk 0:20:40]} 48. Kxg4
{[%clk 0:12:55]} Ra4 {[%clk 0:20:19]} 49. Kf5 {[%clk 0:11:25]} Rxd4
{[%clk 0:19:38]} 50. Rc3 {[%clk 0:11:51]} Be6+ {[%clk 0:19:02]} 51. Kf6
{[%clk 0:12:20]} a5 {[%clk 0:19:07]} 52. Nd3 {[%clk 0:12:13]} b5 {[%clk 0:18:06]}
53. Nc5 {[%clk 0:11:33]} Bd5 {[%clk 0:18:21]} 54. Na6 {[%clk 0:11:33]} b4
{[%clk 0:17:23]} 55. Rc8 {[%clk 0:10:20]} b3 {[%clk 0:17:17]} 56. Rb8
{[%clk 0:10:47]} a4 {[%clk 0:14:37]} 57. Nb4 Rxb4 {[%clk 0:14:31]} 0-1

[Event "European Youth Chess Championship B16"]
[Site "Prague, Top Hotel Prague"]
[Date "2012.08.25"]
[Round "9.4"]
[White "Sanzhaev, Darsen"]
[Black "Zakhartsov, Vladimir"]
[Result "0-1"]
[WhiteElo "2335"]
[BlackElo "2306"]
[PlyCount "0"]
[EventDate "2012.08.17"]

1. d4 {[%clk 1:30:58]} Nf6 {[%clk 1:30:56]} 2. c4 {[%clk 1:31:25]} g6
{[%clk 1:31:21]} 3. g3 {[%clk 1:31:53]} Bg7 {[%clk 1:31:43]} 4. Bg2
{[%clk 1:32:21]} d5 {[%clk 1:32:07]} 5. cxd5 {[%clk 1:32:48]} Nxd5
{[%clk 1:32:33]} 6. e4 {[%clk 1:33:14]} Nb6 {[%clk 1:32:55]} 7. Ne2
{[%clk 1:33:41]} c5 {[%clk 1:33:10]} 8. d5 {[%clk 1:34:01]} e6 {[%clk 1:33:34]}
9. O-O {[%clk 1:34:21]} O-O {[%clk 1:34:02]} 10. Nec3 {[%clk 1:34:43]} Na6
{[%clk 1:33:26]} 11. a4 {[%clk 1:34:53]} exd5 {[%clk 1:33:14]} 12. exd5
{[%clk 1:35:21]} Nc4 {[%clk 1:33:08]} 13. Nd2 {[%clk 1:35:45]} Nd6
{[%clk 1:32:36]} 14. Nde4 {[%clk 1:33:11]} Bf5 {[%clk 1:32:11]} 15. Bg5
{[%clk 1:29:46]} f6 {[%clk 1:31:42]} 16. Be3 {[%clk 1:26:42]} Nxe4
{[%clk 1:25:01]} 17. Nxe4 {[%clk 1:27:00]} Re8 {[%clk 1:24:33]} 18. Nc3
{[%clk 1:23:38]} c4 {[%clk 1:18:07]} 19. d6 {[%clk 1:16:49]} Bd3 {[%clk 1:06:55]}
20. Bxb7 {[%clk 1:16:45]} Nb4 {[%clk 1:06:59]} 21. Bxa8 {[%clk 1:07:05]} Qxa8
{[%clk 1:07:27]} 22. Rc1 {[%clk 1:06:58]} Bxf1 {[%clk 1:01:27]} 23. Qxf1
{[%clk 1:06:49]} Nd3 {[%clk 1:01:41]} 24. Nb5 {[%clk 1:00:24]} Rxe3
{[%clk 0:53:18]} 25. fxe3 {[%clk 0:59:49]} Bh6 {[%clk 0:53:34]} 26. Re1
{[%clk 0:38:05]} Nxe1 {[%clk 0:35:26]} 27. Qxe1 {[%clk 0:38:33]} Qf3
{[%clk 0:35:43]} 28. h4 {[%clk 0:38:54]} Qxe3+ {[%clk 0:20:32]} 29. Qxe3
{[%clk 0:38:07]} Bxe3+ {[%clk 0:21:00]} 30. Kg2 {[%clk 0:35:47]} Kf7
{[%clk 0:18:07]} 31. Na3 {[%clk 0:36:06]} Ke6 {[%clk 0:15:07]} 32. Nxc4
{[%clk 0:36:32]} Bc5 {[%clk 0:15:27]} 33. g4 {[%clk 0:25:17]} Bxd6
{[%clk 0:14:33]} 34. Kf3 {[%clk 0:25:38]} Kd5 {[%clk 0:14:13]} 35. b3
{[%clk 0:24:20]} Bc5 {[%clk 0:13:54]} 36. h5 {[%clk 0:20:16]} Kd4
{[%clk 0:13:20]} 37. hxg6 {[%clk 0:20:23]} hxg6 {[%clk 0:13:49]} 38. Nd2
{[%clk 0:19:39]} Bd6 {[%clk 0:13:01]} 39. Nc4 {[%clk 0:17:45]} Bc7
{[%clk 0:11:51]} 40. Ne3 {[%clk 0:48:00]} Bd8 {[%clk 0:40:19]} 41. b4
{[%clk 0:46:03]} Be7 {[%clk 0:33:52]} 42. b5 {[%clk 0:45:53]} Bd8
{[%clk 0:31:55]} 43. Ng2 {[%clk 0:42:07]} Kc4 {[%clk 0:30:50]} 44. Ke4
{[%clk 0:41:40]} Kb4 {[%clk 0:31:11]} 45. Kd5 {[%clk 0:41:58]} Kxa4
{[%clk 0:31:26]} 46. Kc4 {[%clk 0:42:02]} f5 {[%clk 0:31:15]} 47. gxf5
{[%clk 0:42:06]} gxf5 {[%clk 0:31:43]} 48. Nf4 {[%clk 0:42:26]} Bg5
{[%clk 0:28:52]} 49. Nd5 {[%clk 0:39:43]} Ka5 {[%clk 0:26:44]} 50. Nb4
{[%clk 0:40:12]} Bf6 {[%clk 0:24:12]} 51. Nd3 {[%clk 0:39:45]} Bd8
{[%clk 0:23:33]} 52. Nb4 {[%clk 0:39:35]} Bb6 {[%clk 0:19:42]} 53. Nd5
{[%clk 0:38:50]} Ka4 {[%clk 0:19:53]} 54. Nf4 {[%clk 0:38:45]} Ka3
{[%clk 0:19:48]} 55. Nd3 {[%clk 0:38:10]} Be3 {[%clk 0:16:56]} 56. Nb4
{[%clk 0:38:01]} Kb2 {[%clk 0:16:02]} 57. Nd5 {[%clk 0:36:25]} Bb6
{[%clk 0:15:39]} 58. Nb4 {[%clk 0:36:44]} Ka3 {[%clk 0:13:02]} 59. Nd3
{[%clk 0:36:58]} Bc7 {[%clk 0:12:42]} 60. Nb4 {[%clk 0:34:44]} f4
{[%clk 0:11:53]} 61. Nc2+ {[%clk 0:35:13]} Kb2 {[%clk 0:11:54]} 62. Nd4
{[%clk 0:35:32]} Bb6 {[%clk 0:12:07]} 63. Nf3 {[%clk 0:29:07]} Kc2
{[%clk 0:12:17]} 64. Ne5 {[%clk 0:25:08]} Kd2 {[%clk 0:12:12]} 65. Kd5
{[%clk 0:24:04]} Ke3 {[%clk 0:12:23]} 66. Ng4+ {[%clk 0:23:32]} Ke2
{[%clk 0:12:47]} 0-1

[Event "European Youth Chess Championship B16"]
[Site "Prague, Top Hotel Prague"]
[Date "2012.08.25"]
[Round "9.6"]
[White "Tsydypov, Zhamsaran"]
[Black "Korchmar, Vasiliy"]
[Result "1/2-1/2"]
[WhiteElo "2328"]
[BlackElo "2234"]
[PlyCount "0"]
[EventDate "2012.08.17"]

1. e4 {[%clk 1:30:59]} c5 {[%clk 1:30:49]} 2. Nf3 {[%clk 1:31:25]} e6
{[%clk 1:31:06]} 3. Nc3 {[%clk 1:31:45]} a6 {[%clk 1:31:20]} 4. d4
{[%clk 1:31:59]} cxd4 {[%clk 1:31:41]} 5. Nxd4 {[%clk 1:32:25]} Qc7
{[%clk 1:31:44]} 6. g3 {[%clk 1:32:18]} Nf6 {[%clk 1:31:39]} 7. Bg2
{[%clk 1:32:13]} d6 {[%clk 1:31:55]} 8. g4 {[%clk 1:32:18]} Be7 {[%clk 1:29:42]}
9. Be3 {[%clk 1:32:41]} Nc6 {[%clk 1:27:19]} 10. g5 {[%clk 1:32:56]} Nd7
{[%clk 1:27:19]} 11. f4 {[%clk 1:31:44]} O-O {[%clk 1:21:42]} 12. Qh5
{[%clk 1:29:19]} Nxd4 {[%clk 1:12:29]} 13. Bxd4 {[%clk 1:29:44]} d5
{[%clk 1:12:02]} 14. Rf1 {[%clk 1:29:32]} Bc5 {[%clk 0:50:41]} 15. O-O-O
{[%clk 1:29:13]} Bxd4 {[%clk 0:49:56]} 16. Rxd4 {[%clk 1:29:38]} dxe4
{[%clk 0:47:14]} 17. Bxe4 {[%clk 1:29:33]} g6 {[%clk 0:47:36]} 18. Qh6
{[%clk 1:29:37]} f5 {[%clk 0:41:06]} 19. gxf6 {[%clk 1:26:42]} Nxf6
{[%clk 0:41:23]} 20. Bxg6 {[%clk 1:26:40]} hxg6 {[%clk 0:36:49]} 21. Rg1
{[%clk 1:27:00]} Nh7 {[%clk 0:33:39]} 22. Rxg6+ {[%clk 1:27:21]} Kh8
{[%clk 0:34:08]} 23. f5 {[%clk 1:27:43]} e5 {[%clk 0:25:22]} 24. Nd5
{[%clk 1:28:07]} Qf7 {[%clk 0:24:49]} 25. Rdg4 {[%clk 1:21:33]} Bxf5
{[%clk 0:24:25]} 26. Rg7 {[%clk 1:20:31]} Rac8 {[%clk 0:22:45]} 27. c3
{[%clk 1:19:27]} Rc6 {[%clk 0:22:30]} 28. Qh4 {[%clk 1:14:50]} Qxg7
{[%clk 0:09:42]} 29. Rxg7 {[%clk 1:15:17]} Kxg7 {[%clk 0:10:08]} 30. Qg3+
{[%clk 1:15:21]} Rg6 {[%clk 0:09:08]} 31. Qxe5+ {[%clk 1:15:44]} Kh6
{[%clk 0:09:29]} 32. Qe3+ {[%clk 1:15:50]} Kg7 {[%clk 0:09:27]} 33. Nf4
{[%clk 1:16:15]} Rg5 {[%clk 0:07:07]} 34. Qd4+ {[%clk 1:14:10]} Kh6
{[%clk 0:06:30]} 35. Qf2 {[%clk 1:11:52]} Bg6 {[%clk 0:04:29]} 36. Qe3
{[%clk 1:10:44]} Re8 {[%clk 0:03:38]} 37. Ne6 {[%clk 1:09:39]} Rxe6
{[%clk 0:02:27]} 38. Qxe6 {[%clk 1:09:15]} Rg1+ {[%clk 0:02:36]} 39. Kd2
{[%clk 1:09:41]} Rg2+ {[%clk 0:03:01]} 40. Ke3 {[%clk 1:40:06]} Rxb2
{[%clk 0:32:27]} 41. Qh3+ {[%clk 1:40:11]} Kg7 {[%clk 0:32:05]} 42. a4
{[%clk 1:39:46]} Nf6 {[%clk 0:27:07]} 43. Qc8 {[%clk 1:40:01]} Be4
{[%clk 0:25:44]} 44. Qc7+ {[%clk 1:39:35]} Kg6 {[%clk 0:26:01]} 45. Qg3+
{[%clk 1:39:43]} Kf7 {[%clk 0:23:07]} 46. Qc7+ {[%clk 1:39:34]} Kg6
{[%clk 0:23:36]} 47. Qg3+ {[%clk 1:39:34]} Rb5 1/2-1/2

[Event "European Youth Chess Championship B16"]
[Site "Prague, Top Hotel Prague"]
[Date "2012.08.25"]
[Round "9.7"]
[White "Kobo, Ori"]
[Black "Dastan, Muhammed Batuhan"]
[Result "0-1"]
[WhiteElo "2249"]
[BlackElo "2317"]
[PlyCount "0"]
[EventDate "2012.08.17"]

1. d4 {[%clk 1:30:56]} d5 {[%clk 1:30:54]} 2. c4 {[%clk 1:31:20]} e6
{[%clk 1:31:16]} 3. Nf3 {[%clk 1:31:43]} Nf6 {[%clk 1:31:40]} 4. g3
{[%clk 1:32:04]} Bb4+ {[%clk 1:31:44]} 5. Bd2 {[%clk 1:32:22]} Be7
{[%clk 1:32:07]} 6. Bg2 {[%clk 1:32:47]} O-O {[%clk 1:32:09]} 7. O-O
{[%clk 1:33:09]} c5 {[%clk 1:32:30]} 8. cxd5 {[%clk 1:33:22]} exd5
{[%clk 1:32:48]} 9. Nc3 {[%clk 1:33:43]} Nc6 {[%clk 1:33:08]} 10. dxc5
{[%clk 1:33:56]} Bxc5 {[%clk 1:33:14]} 11. Na4 {[%clk 1:34:09]} Bd6
{[%clk 1:23:55]} 12. Be3 {[%clk 1:34:18]} Re8 {[%clk 1:18:00]} 13. Rc1
{[%clk 1:33:37]} Qe7 {[%clk 1:11:46]} 14. Nc3 {[%clk 1:14:35]} Be6
{[%clk 1:06:08]} 15. Nb5 {[%clk 1:11:55]} Bb8 {[%clk 1:02:10]} 16. Nbd4
{[%clk 1:08:18]} Nxd4 {[%clk 0:51:58]} 17. Bxd4 {[%clk 1:07:52]} Bd6
{[%clk 0:48:54]} 18. Qb3 {[%clk 0:53:00]} Ne4 {[%clk 0:37:04]} 19. Rfd1
{[%clk 0:51:56]} f5 {[%clk 0:33:19]} 20. Be3 {[%clk 0:40:10]} d4 {[%clk 0:32:31]}
0-1

[Event "European Youth Chess Championship B16"]
[Site "Prague, Top Hotel Prague"]
[Date "2012.08.25"]
[Round "9.9"]
[White "Nuri, Murad"]
[Black "Studer, Noel"]
[Result "1/2-1/2"]
[WhiteElo "2097"]
[BlackElo "2273"]
[PlyCount "0"]
[EventDate "2012.08.17"]

1. Nf3 {[%clk 1:30:58]} Nf6 {[%clk 1:30:56]} 2. g3 {[%clk 1:31:12]} b5
{[%clk 1:31:16]} 3. Bg2 {[%clk 1:31:37]} Bb7 {[%clk 1:31:45]} 4. O-O
{[%clk 1:31:57]} e6 {[%clk 1:32:08]} 5. d3 {[%clk 1:32:07]} Be7 {[%clk 1:27:37]}
6. e4 {[%clk 1:32:15]} d6 {[%clk 1:27:18]} 7. Re1 {[%clk 1:32:19]} Nbd7
{[%clk 1:27:30]} 8. Nbd2 {[%clk 1:30:49]} c5 {[%clk 1:27:34]} 9. e5
{[%clk 1:22:30]} dxe5 {[%clk 1:26:13]} 10. Nxe5 {[%clk 1:22:46]} Bxg2
{[%clk 1:25:30]} 11. Kxg2 {[%clk 1:23:11]} Nxe5 {[%clk 1:25:42]} 12. Rxe5
{[%clk 1:23:39]} Qc7 {[%clk 1:25:57]} 13. Qf3 {[%clk 1:23:29]} O-O
{[%clk 1:26:05]} 14. Re1 {[%clk 1:23:56]} Rfd8 {[%clk 1:25:43]} 15. a4
{[%clk 1:24:06]} c4 {[%clk 1:14:01]} 16. axb5 {[%clk 0:58:09]} cxd3
{[%clk 1:14:13]} 17. cxd3 {[%clk 0:58:37]} Rab8 {[%clk 0:58:28]} 18. Qc6
{[%clk 0:46:25]} Qd7 {[%clk 0:49:39]} 19. Nc4 {[%clk 0:24:45]} Rxb5
{[%clk 0:40:53]} 20. Qxd7 {[%clk 0:25:01]} Rxd7 {[%clk 0:41:07]} 21. Be3
{[%clk 0:25:27]} Bc5 {[%clk 0:38:02]} 22. Bxc5 {[%clk 0:21:30]} Rxc5
{[%clk 0:38:29]} 23. Ra3 {[%clk 0:21:55]} g5 {[%clk 0:35:06]} 24. Rea1
{[%clk 0:21:18]} Kg7 {[%clk 0:31:30]} 25. Kf1 {[%clk 0:18:13]} Ng4
{[%clk 0:27:27]} 26. h3 {[%clk 0:08:41]} Ne5 {[%clk 0:27:19]} 27. Nxe5
{[%clk 0:08:56]} Rxe5 {[%clk 0:27:46]} 28. Rxa7 {[%clk 0:09:07]} Rxd3
{[%clk 0:28:02]} 29. R1a5 {[%clk 0:06:54]} Rd1+ {[%clk 0:25:49]} 30. Kg2
{[%clk 0:05:46]} Rxa5 {[%clk 0:22:34]} 31. Rxa5 {[%clk 0:06:15]} Kf6
{[%clk 0:22:55]} 32. Rb5 {[%clk 0:04:44]} Rd4 {[%clk 0:21:04]} 33. b4
{[%clk 0:03:11]} h5 {[%clk 0:21:01]} 34. Kf3 {[%clk 0:02:57]} h4 {[%clk 0:19:44]}
35. gxh4 {[%clk 0:03:17]} Rxh4 {[%clk 0:20:02]} 36. Kg3 {[%clk 0:03:42]} Rc4
{[%clk 0:19:28]} 37. Rb7 {[%clk 0:03:52]} Kg6 {[%clk 0:19:48]} 38. b5
{[%clk 0:04:10]} Rb4 {[%clk 0:20:15]} 39. b6 {[%clk 0:04:11]} e5 {[%clk 0:20:11]}
40. Kf3 {[%clk 0:31:22]} Kf6 {[%clk 0:46:35]} 41. Rb8 {[%clk 0:26:52]} Kf5
{[%clk 0:45:11]} 42. Rb7 {[%clk 0:25:07]} Rb3+ {[%clk 0:43:30]} 43. Ke2
{[%clk 0:23:13]} f6 {[%clk 0:30:47]} 44. Rb8 {[%clk 0:15:46]} Rxh3
{[%clk 0:23:26]} 45. b7 {[%clk 0:16:13]} Rb3 {[%clk 0:23:52]} 46. Kf1
{[%clk 0:16:40]} Rb2 {[%clk 0:14:45]} 47. Kg1 {[%clk 0:15:46]} e4
{[%clk 0:11:47]} 48. Kf1 {[%clk 0:15:57]} e3 {[%clk 0:04:13]} 49. fxe3
{[%clk 0:10:49]} Kg4 {[%clk 0:04:32]} 50. Rf8 {[%clk 0:11:15]} Rxb7
{[%clk 0:04:58]} 51. Rxf6 {[%clk 0:11:41]} Kg3 {[%clk 0:05:22]} 52. Ke2
{[%clk 0:11:31]} g4 {[%clk 0:05:33]} 53. e4 {[%clk 0:03:23]} Re7 {[%clk 0:04:06]}
54. Ke3 {[%clk 0:03:35]} Kg2 {[%clk 0:04:19]} 55. Rg6 {[%clk 0:03:19]} g3
{[%clk 0:04:43]} 56. Kd4 {[%clk 0:02:43]} Rd7+ {[%clk 0:05:02]} 57. Kc5
{[%clk 0:02:43]} Rc7+ {[%clk 0:04:06]} 58. Kd6 {[%clk 0:01:56]} Ra7
{[%clk 0:04:32]} 59. Rg8 {[%clk 0:02:17]} Ra6+ {[%clk 0:04:31]} 60. Kd7
{[%clk 0:02:14]} Ra5 {[%clk 0:02:40]} 61. Kd6 {[%clk 0:02:35]} Kf2
{[%clk 0:02:29]} 62. e5 {[%clk 0:02:54]} g2 {[%clk 0:02:52]} 63. e6
{[%clk 0:03:15]} Ra6+ {[%clk 0:02:58]} 64. Kd7 {[%clk 0:03:40]} Ra7+
{[%clk 0:03:25]} 65. Kd6 {[%clk 0:04:05]} Ra8 {[%clk 0:02:28]} 66. Rxg2+
{[%clk 0:04:17]} Kxg2 {[%clk 0:02:53]} 67. e7 {[%clk 0:04:43]} 1/2-1/2

[Event "European Youth Chess Championship B16"]
[Site "Prague, Top Hotel Prague"]
[Date "2012.08.25"]
[Round "9.10"]
[White "Stathopoulos, Ioannis"]
[Black "Santos Latasa, Jaime"]
[Result "1/2-1/2"]
[WhiteElo "2216"]
[BlackElo "2403"]
[PlyCount "0"]
[EventDate "2012.08.17"]

1. d4 {[%clk 1:30:57]} Nf6 {[%clk 1:30:52]} 2. c4 {[%clk 1:31:21]} e6
{[%clk 1:31:18]} 3. Nf3 {[%clk 1:31:12]} d5 {[%clk 1:31:34]} 4. Nc3
{[%clk 1:31:20]} dxc4 {[%clk 1:31:16]} 5. e4 {[%clk 1:30:02]} Bb4
{[%clk 1:31:19]} 6. Bg5 {[%clk 1:30:23]} c5 {[%clk 1:31:27]} 7. Bxc4
{[%clk 1:30:45]} cxd4 {[%clk 1:31:24]} 8. Nxd4 {[%clk 1:31:12]} Qa5
{[%clk 1:31:43]} 9. Bb5+ {[%clk 1:31:16]} Bd7 {[%clk 1:32:00]} 10. Bxf6
{[%clk 1:28:40]} gxf6 {[%clk 1:29:08]} 11. O-O {[%clk 1:25:21]} Bxb5
{[%clk 1:28:53]} 12. Ndxb5 {[%clk 1:24:06]} Nc6 {[%clk 1:29:05]} 13. a3
{[%clk 1:16:40]} Bxc3 {[%clk 1:26:15]} 14. Nxc3 {[%clk 1:16:52]} Qb6
{[%clk 1:26:23]} 15. Kh1 {[%clk 1:04:42]} Rd8 {[%clk 1:24:11]} 16. Qh5
{[%clk 0:59:01]} Qxb2 {[%clk 1:23:19]} 17. Qf3 {[%clk 0:58:51]} Rg8
{[%clk 1:20:05]} 18. Rab1 {[%clk 0:41:55]} Qxa3 {[%clk 1:18:00]} 19. Rxb7
{[%clk 0:41:09]} Rg6 {[%clk 1:17:36]} 20. Rfb1 {[%clk 0:34:31]} Kf8
{[%clk 1:16:21]} 21. Qe3 {[%clk 0:28:37]} Kg8 {[%clk 1:11:38]} 22. f4
{[%clk 0:28:35]} Qd6 {[%clk 1:10:52]} 23. f5 {[%clk 0:19:37]} exf5
{[%clk 1:10:33]} 24. exf5 {[%clk 0:20:04]} Rg4 {[%clk 1:10:16]} 25. h3
{[%clk 0:18:22]} Rg3 {[%clk 1:05:42]} 26. Qe1 {[%clk 0:18:50]} Qd3
{[%clk 1:00:42]} 27. Ne4 {[%clk 0:18:08]} Re3 {[%clk 0:58:18]} 28. Nxf6+
{[%clk 0:18:00]} Kg7 {[%clk 0:58:36]} 29. Nh5+ {[%clk 0:14:07]} Kh8
{[%clk 0:58:44]} 30. Qh4 {[%clk 0:11:25]} Qxf5 {[%clk 0:58:12]} 31. Rc1
{[%clk 0:11:54]} Re4 {[%clk 0:55:19]} 32. Qf6+ {[%clk 0:11:54]} Qxf6
{[%clk 0:55:41]} 33. Nxf6 {[%clk 0:12:23]} Re7 {[%clk 0:55:53]} 34. Rxe7
{[%clk 0:12:13]} Nxe7 {[%clk 0:56:11]} 35. Rc7 {[%clk 0:12:40]} Ng8
{[%clk 0:56:12]} 36. Nxg8 {[%clk 0:12:51]} Kxg8 {[%clk 0:56:34]} 37. Rxa7
{[%clk 0:13:16]} Kg7 {[%clk 0:56:34]} 38. Kh2 {[%clk 0:13:45]} Rd3
{[%clk 0:56:47]} 39. Ra6 {[%clk 0:14:08]} Rc3 {[%clk 0:57:07]} 40. Rb6
{[%clk 0:44:34]} 1/2-1/2

[Event "European Youth Chess Championship B16"]
[Site "Prague, Top Hotel Prague"]
[Date "2012.08.25"]
[Round "9.11"]
[White "Tomici, Stefan"]
[Black "Giroyan, Gary"]
[Result "0-1"]
[WhiteElo "2177"]
[BlackElo "2394"]
[PlyCount "109"]
[EventDate "2012.08.17"]

1. e4 c5 2. c3 d5 3. exd5 Qxd5 4. d4 g6 5. Nf3 Bg7 6. Be3 cxd4 7. cxd4 Qd8 8.
Nc3 Nh6 9. Bc4 O-O 10. O-O Nf5 11. Re1 Nd7 12. Bb3 Nb6 13. Qe2 Bd7 14. Rad1 a5
15. a3 Rc8 16. Bg5 Qc7 17. Ne5 Rce8 18. h4 e6 19. Bf4 Qd8 20. g3 Bc6 21. h5 g5
22. Be3 Bd5 23. Bc2 f6 24. Ng4 Qc7 25. Nxd5 Nxd5 26. Rc1 Qf7 27. Qf3 Nd6 28.
Bb3 f5 29. Ne5 Bxe5 30. dxe5 Ne4 31. Bxd5 exd5 32. Bc5 Rxe5 33. Bxf8 Qxf8 34.
Kg2 Qd6 35. Rc8+ Kg7 36. h6+ Kf6 37. Qb3 Nc5 38. Qd1 d4 39. Rxe5 Qxe5 40. b4
axb4 41. axb4 Ne6 42. Qf3 b5 43. Rc6 g4 44. Rxe6+ Qxe6 45. Qa3 Kg6 46. Qc1 d3
47. Kg1 Qd5 48. Qd2 Kh5 49. Kh2 Qf3 50. Qa2 Qc6 51. Qf7+ Kxh6 52. Qxf5 Qd6 53.
Qxg4 d2 54. f4 Qg6 55. Qc8 0-1

[Event "European Youth Chess Championship B16"]
[Site "Prague, Top Hotel Prague"]
[Date "2012.08.25"]
[Round "9.12"]
[White "Ivekovic, Bozidar"]
[Black "Bortnik, Alexandr"]
[Result "0-1"]
[WhiteElo "2200"]
[BlackElo "2365"]
[PlyCount "78"]
[EventDate "2012.08.17"]

1. d4 Nf6 2. c4 e6 3. Nf3 c5 4. g3 cxd4 5. Nxd4 Nc6 6. Bg2 Bb4+ 7. Bd2 Bc5 8.
Nxc6 dxc6 9. O-O Qe7 10. Nc3 e5 11. Bg5 Qe6 12. Ne4 Be7 13. Bxf6 gxf6 14. c5
O-O 15. Qc2 f5 16. Nd2 Qg6 17. Nc4 e4 18. b4 Be6 19. Rfd1 Rfd8 20. Na5 Bd5 21.
e3 h5 22. Nb3 h4 23. Nd4 Bf6 24. Rab1 hxg3 25. hxg3 Qh5 26. a4 a6 27. Rd2 Rd7
28. Rbd1 Rad8 29. Rb1 Kg7 30. Rbd1 Be5 31. b5 axb5 32. axb5 cxb5 33. Qb2 Bc4
34. f3 Rxd4 35. exd4 Bxg3 36. d5+ f6 37. Re2 Qh2+ 38. Kf1 exf3 39. Bxf3 Qf2#
0-1

[Event "European Youth Chess Championship B16"]
[Site "Prague, Top Hotel Prague"]
[Date "2012.08.25"]
[Round "9.13"]
[White "Mikes, Jan"]
[Black "Boscolo, Federico"]
[Result "0-1"]
[WhiteElo "2125"]
[BlackElo "2328"]
[PlyCount "66"]
[EventDate "2012.08.17"]

1. e4 c5 2. Nf3 d6 3. d4 cxd4 4. Qxd4 Nc6 5. Bb5 Bd7 6. Bxc6 Bxc6 7. Nc3 Nf6 8.
Bg5 e6 9. O-O-O Be7 10. h4 Qa5 11. Kb1 h6 12. Be3 O-O 13. Rh3 Ng4 14. Qd2 Rfd8
15. Nd4 Rac8 16. f4 Bf6 17. Bg1 b5 18. Qe2 b4 19. Ncb5 Bxd4 20. Nxd4 h5 21.
Rhd3 Bb7 22. R3d2 Nf6 23. Nb3 Qc7 24. Rd4 a5 25. e5 Nd5 26. exd6 Rxd6 27. R1d2
a4 28. Nc1 a3 29. Qe5 axb2 30. Kxb2 Qc3+ 31. Kb1 Qa3 32. R4d3 Nc3+ 33. Rxc3
bxc3 0-1